00467nam a2200121Ia 4500008004100000245006700041245004700108260000900155650002900164856006000193999001900253952007300272171204s9999 xx 000 0 und d aPsychopathology: History, Diagnosis, And Empirical Foundations cDavid J. Miklowitz and W. Edward Craighead c2013 xADVANCED PSYCHOPATHOLOGY uhttp://down.ebook777.com/005/PsyHisDiaAndEmpFou2Edi.pdf c346878d346878 001040aCLbCLd2017-12-04l0r2017-12-04 00:00:00w2017-12-04yCBE